| 000 | 00000nam##2200000za#4500 |
| 001 | 9.624857 |
| 003 | CaOODSP |
| 005 | 20200401041942 |
| 007 | ta |
| 008 | 150406|1998||||xxc||||| f|0| 0 fre|d |
| 020 | |a0-662-83162-4 |
| 040 | |aCaOODSP|bfre |
| 043 | |an-cn--- |
| 086 | 1 |aF21-6/1998-11F |
| 110 | 1 |aCanada.|bMinistère des finances.|bGroupe de travail sur l'avenir du secteur des services financiers canadien. |
| 245 | 13|aLa protection des renseignements personnels dans le secteur des services financiers au Canada / |cpar Richard C. Owens. |
| 260 | |aOttawa - Ontario : |bFinances Canada. |c1998. |
| 300 | |a211p. : |btableaux ; |c28 cm. |
| 490 | 1 |aDocument de recherche préparé pour le Groupe de travail sur l'avenir du secteur des services financiers canadien |
| 500 | |aN.B.: Le numéro de catalogue (BT22-61/3-1998F-11) imprimé dans cette publication est incorrect. |
| 504 | |aBibliographie. |
| 563 | |aCouverture souple |
| 590 | |a98-45|b1998-11-06 |
| 691 | 07|aFinances|2gcpds |
| 691 | 07|aVie privée|2gcpds |
| 720 | 1 |aOwens, Richard C. |
| 775 | 08|tPrivacy and financial services in Canada / |w(CaOODSP)9.614540 |
| 776 | 0#|tLa protection des renseignements personnels dans le secteur des services financiers au Canada / |w(CaOODSP)9.602683 |
| 830 | #0|aDocument de recherche préparé pour le Groupe de travail sur l'avenir du secteur des services financiers canadien.|w(CaOODSP)9.513003 |